Wordt geladen...

Eigenvalues, embeddings and generalised trigonometric functions

Bibliografische gegevens
Hoofdauteur: Lang, Jan
Formaat: Printed Book
Taal:English
Gepubliceerd in: Heidelberg Springer 2011
Reeks:Lecture notes in mathematics; 2016
Onderwerpen:
LEADER 00653 a2200193 4500
005 20151026133225.0
008 131203b xxu||||| |||| 00| 0 eng d
020 |a 9783642182679 
080 |a 517.927  |b LAN 
100 |a Lang, Jan 
245 |a Eigenvalues, embeddings and generalised trigonometric functions 
260 |b Springer  |c 2011  |a Heidelberg 
300 |a xi, 220p. 
490 |a Lecture notes in mathematics; 2016 
653 |a Eigen values 
653 |a Trigonometric generalisations 
942 |c BK  |6 _ 
999 |c 65653  |d 65653 
952 |0 0  |1 0  |2 udc  |4 0  |6 517927_LAN  |7 0  |9 78010  |a UL  |b UL  |d 2013-02-28  |g 0.00  |o 517.927 LAN  |p 00069511  |r 2013-02-28  |v 0.00  |w 2013-02-28  |y BK